000 00386nam a2200133 a 4500
005 20140414093844.0
008 090924s19uu xx 00 eng d
050 _aDVD
_bLOS 2008
100 _aClifton, Dan
245 _aLost cities of the Ancients :
_bPiramesses Egypt, Tugume Peru, Hattusha Turkey /
_cDan Clifton.
650 _aDocumentary films.
942 _cAVM
999 _c109503
_d109503